00318nam a2200121Ia 4500008004100000082001800041100001400059245002600073260003900099365000600138630002600144730002600170100415s9999 xx 000 0 und d b6543a580(54) aChavn AR aThe Flora of Pavagadh aBARODAc1966bDEPARTMENT OF BOTANY b0 aThe Flora of Pavagadh aThe Flora of Pavagadh